000 00689nam a2200229 i 4500
003 OSt
005 20150227160133.0
008 890919s1986 sp spa
020 _a950-04-0601-2
040 _cBMC
082 _aBMC
100 1 _aSanders, Lawrence
_930974
_d1920-1998
245 1 3 _aEl Octavo mandamiento
_cLawrence Sanders ; [traducción de Jorge García Damiano]
250 _a1ª ed
260 1 _aBarcelona
_bPlaza & Janés
_c1986
300 _a301 p.
_c19 cm
490 _aGrandes maestros del suspenso
595 _aTraducción de: The Eighth commandment
650 2 4 _917595
_aNovela norteamericana
700 1 _aGarcía Damiano, Jorge
_931302
942 _2ddc
_cBK
999 _c18272
_d18272